Does Mahsrashtra's employment guarentee scheme guarantee employment? effects of the 1988 wage increase (Record no. 23657)

000 -LEADER
fixed length control field 00530pab a2200157 454500
008 - FIXED-LENGTH DATA ELEMENTS--GENERAL INFORMATION
fixed length control field 180718b xxu||||| |||| 00| 0 eng d
100 ## - MAIN ENTRY--PERSONAL NAME
Personal name Ravallion, Martin
245 ## - TITLE STATEMENT
Title Does Mahsrashtra's employment guarentee scheme guarantee employment? effects of the 1988 wage increase
650 ## - SUBJECT ADDED ENTRY--TOPICAL TERM
Topical term or geographic name entry element Wages
650 ## - SUBJECT ADDED ENTRY--TOPICAL TERM
Topical term or geographic name entry element Maharashtra's Employment Guarantee Scheme
650 ## - SUBJECT ADDED ENTRY--TOPICAL TERM
Topical term or geographic name entry element Employment - India - Maharashtra
700 ## - ADDED ENTRY--PERSONAL NAME
Personal name Chaudhuri, Shubham
700 ## - ADDED ENTRY--PERSONAL NAME
Personal name Datt, Gaurav
773 ## - HOST ITEM ENTRY
Main entry heading Economic Development and Cultural Change
909 ## -
-- 23657
Holdings
Withdrawn status Lost status Damaged status Not for loan Permanent Location Current Location Date acquired Serial Enumeration / chronology Barcode Date last seen Price effective from Koha item type
        Indian Institute of Public Administration Indian Institute of Public Administration 2018-07-19 Issue no: 41(2) Jan.93, p.251-75 AR23726 2018-07-19 2018-07-19 Articles

Powered by Koha